A privát bankettek bemutatása, hazai és amerikai vonatkozásai
| Szerző: | |
|---|---|
| További közreműködők: | |
| Dokumentumtípus: | Diplomadolgozat |
| Kulcsszavak: | Rendezvény, bankett The Broadmoore Hotel Privát bankett, magyar Elemzés, összehasonlító |
| Online Access: | http://dolgozattar.uni-bge.hu/59304 |
MARC
| LEADER | 00000nta a2200000 i 4500 | ||
|---|---|---|---|
| 001 | dolg59304 | ||
| 005 | 20251112105808.0 | ||
| 008 | 251112suuuu hu om 000 hun d | ||
| 040 | |a BGE Dolgozattár Repozitórium |b hun | ||
| 041 | |a hu | ||
| 100 | 1 | |a Kovács Orsolya | |
| 245 | 1 | 2 | |a A privát bankettek bemutatása, hazai és amerikai vonatkozásai |c Kovács Orsolya |h [elektronikus dokumentum] |
| 695 | |a Rendezvény, bankett | ||
| 695 | |a The Broadmoore Hotel | ||
| 695 | |a Privát bankett, magyar | ||
| 695 | |a Elemzés, összehasonlító | ||
| 700 | 1 | |a Karakasné Morvay Klára |e ths | |
| 856 | 4 | 0 | |u http://dolgozattar.uni-bge.hu/59304/1/Kovacs-Orsolya.pdf |z Dokumentum-elérés |